Central Library OPAC University of Rajshahi

Eastern African history / (Record no. 27522)

MARC details
000 -LEADER
fixed length control field 01300cam a2200325 4500
001 - CONTROL NUMBER
control field 27522
003 - CONTROL NUMBER IDENTIFIER
rucl marc code BD-RjUL
005 - DATE AND TIME OF LATEST TRANSACTION
control field 20211209051151.0
008 - FIXED-LENGTH DATA ELEMENTS--GENERAL INFORMATION
fixed length control field 140325t1969 nyuab b 100 0 eng d
035 ## - SYSTEM CONTROL NUMBER
System control number (BD-RjUL)27596
040 ## - CATALOGING SOURCE
Original cataloging agency DLC
Transcribing agency DLC
Modifying agency BD-RjUL
-- DLC
Language of cataloging eng
041 ## - LANGUAGE CODE
Language code of text/sound track or separate title eng
082 00 - DEWEY DECIMAL CLASSIFICATION NUMBER
Classification number 916.703
Author mark and year EAS 1969
245 00 - TITLE STATEMENT
Title Eastern African history /
Statement of responsibility, etc. Edited by Daniel F. McCall, Norman R. Bennett [and] Jeffrey Butler.
260 ## - PUBLICATION, DISTRIBUTION, ETC. (IMPRINT)
Place of publication, distribution, etc. New York :
Name of publisher, distributor, etc. Praeger,
Date of publication, distribution, etc. c1969
300 ## - PHYSICAL DESCRIPTION
Pagination ix, 245 p. :
Illustrations ill. ;
Size 25 cm.
490 0# - SERIES STATEMENT
Series statement Praeger special studies in international politics and public affairs.
500 ## - GENERAL NOTE
General note "Published for the African Studies Center of Boston University."
General note "The majority of these papers came from a series of Saturday seminars (which are scheduled four times during the academic year)"
504 ## - BIBLIOGRAPHY, ETC. NOTE
Bibliography, etc Includes bibliographical references.
651 #0 - SUBJECT ADDED ENTRY--GEOGRAPHIC NAME
Geographic name Africa, Eastern
General subdivision History.
9 (RLIN) 84532
700 1# - ADDED ENTRY--PERSONAL NAME
Personal name McCall, Daniel F.,
Relator term ed.
Personal name Bennett, Norman R.
Fuller form of name (Norman Robert),
Dates associated with a name 1932-
Relator term ed.
Personal name Butler, Jeffrey,
Relator term ed.
710 2# - ADDED ENTRY--CORPORATE NAME
Corporate name or jurisdiction name as entry element Boston University.
Subordinate unit African Studies Center.
9 (RLIN) 84535
942 ## - ADDED ENTRY ELEMENTS (KOHA)
Source of classification or shelving scheme Dewey Decimal Classification
Koha item type Books
Holdings
Lost status Source of classification or shelving scheme Damaged status Not for loan Collection code Permanent Location Current Location Shelving location Date acquired Source of acquisition Cost, normal purchase price Total Checkouts Full call number Date last seen Copy number Koha item type
  Dewey Decimal Classification   Added to bundle Non-fiction Central Library, University of Rajshahi Central Library, University of Rajshahi Reading Room 29/10/1970 Sweets & Zeitlinger 125.00   916.703 EAS 1969 25/03/2014 C-1 Books